000 00447nam a22001817a 4500
003 MPLRDC
005 20220104154417.0
008 210129b ||||| |||| 00| 0 eng d
020 _a9971-907-30-5
082 _a803.188 HAYA c.2
100 _aKENTAROU HAYASHI
245 _a初级日本语会话
_c
250 _a四版
260 _a
_b智力出版社
_c1989
300 _b
650 _a日语会话读本
942 _cBK
_o803.188 HAYA c.2
999 _c53971
_d53961